000
00310nam a22001457a 4500
008
221109b ||||| |||| 00| 0 eng d
020
_a
9780192842183
041
_a
eng
080
_a
7
082
_a
7
100
_a
21.1
101
_a
ART
245
_a
NATIVE NORTH AMERICAN ART
_c
BERLO J
942
_2
udc
_c
BK
999
_c
58831
_d
58831